Biotechnology (Record no. 277)

000 -LEADER
fixed length control field 00501nam a22001817a 4500
008 - FIXED-LENGTH DATA ELEMENTS--GENERAL INFORMATION
fixed length control field 160926b xxu||||| |||| 00| 0 eng d
020 ## - INTERNATIONAL STANDARD BOOK NUMBER
International Standard Book Number 9788127237530(pbk.)
082 ## - DEWEY DECIMAL CLASSIFICATION NUMBER
Edition number 23
Classification number 660.6
Item number SIN
100 ## - MAIN ENTRY--PERSONAL NAME
Personal name Singh, B. D.
245 ## - TITLE STATEMENT
Title Biotechnology
250 ## - EDITION STATEMENT
Edition statement 3rd rev.ed.
260 ## - PUBLICATION, DISTRIBUTION, ETC. (IMPRINT)
Place of publication, distribution, etc. New Delhi
Name of publisher, distributor, etc. Kalyani Publishers
Date of publication, distribution, etc. 2007
300 ## - PHYSICAL DESCRIPTION
Extent xxxvii,694p.;
Dimensions 23cm.
500 ## - GENERAL NOTE
General note It includes author index and soubject index.
650 ## - SUBJECT ADDED ENTRY--TOPICAL TERM
Source of heading or term Biotechnology
Topical term or geographic name as entry element Biotechnology
653 ## - INDEX TERM--UNCONTROLLED
Uncontrolled term Biology
942 ## - ADDED ENTRY ELEMENTS (KOHA)
Source of classification or shelving scheme
Koha item type Books
Holdings
Withdrawn status Lost status Source of classification or shelving scheme Materials specified (bound volume or other part) Damaged status Not for loan Collection code Permanent location Current location Shelving location Date acquired Coded location qualifier Total Checkouts Total Renewals Full call number Barcode Date last seen Date last checked out Price effective from Koha item type
      PB     Biotechnology Section Maulana Azad Central Library Maulana Azad Central Library General Stacks 2016-09-26 BIO 6 1 660.6 SIN 8920 2020-09-09 2020-03-12 2016-09-26 Books
      PB     Biotechnology Section Maulana Azad Central Library Maulana Azad Central Library General Stacks 2016-10-15 BIO     660.6 SIN 10969 2016-10-15   2016-10-15 Books
      PB     Biotechnology Section Maulana Azad Central Library Maulana Azad Central Library General Stacks 2021-08-27 BIO     660.6 SIN 10968 2021-11-17   2021-08-27 Books
      PB     Biotechnology Section Maulana Azad Central Library Maulana Azad Central Library General Stacks 2021-08-27 BIO     660.6 SIN 10970 2021-11-17   2021-08-27 Books

Copyright @ USTM
Techno City, Kiling Road, Baridua, 9th Mile,
Ri-Bhoi, Meghalaya-793101

Powered by Koha